[Event "ROM-ch U14 Girls"]
[Site "Calimanesti"]
[Date "2014.04.11"]
[Round "7"]
[White "Moldovan, Tania Cosmina"]
[Black "Stan, Andreea"]
[Result "1-0"]
[WhiteElo "1400"]
[BlackElo "1007"]
[PlyCount "83"]
[EventDate "2014.04.06"]
[EventType "swiss"]
[EventRounds "9"]
[EventCountry "ROU"]
[SourceTitle "CBM 160 Extra"]
[Source "ChessBase"]
[SourceDate "2014.07.01"]
[SourceVersion "1"]
[SourceVersionDate "2014.07.01"]
[SourceQuality "1"]

1. e4 e5 2. Nf3 Nc6 3. Bb5 d6 4. d4 Bd7 5. Bxc6 Bxc6 6. Nc3 Nf6 7. Qd3 d5 8. Nxe5 dxe4 9. Qc4 Bd5 10. Nxd5 Nxd5 11. 0-0 f6 12. Ng4 Nb6 13. Qe6+ Qe7 14. Qxe7+ Bxe7 15. Ne3 0-0-0 16. c3 g6 17. b3 c5 18. Ba3 Nd5 19. Nxd5 Rxd5 20. Rfd1 Rhd8 21. Re1 f5 22. f3 R5d7 23. fxe4 cxd4 24. Bxe7 Rxe7 25. exf5 Rxe1+ 26. Rxe1 dxc3 27. Re3 Rd1+ 28. Kf2 Rd2+ 29. Kg3 c2 30. Rc3+ Kb8 31. Kf4 Rxg2 32. f6 Rxh2 33. Ke5 Re2+ 34. Kd6 a6 35. f7 Rd2+ 36. Ke7 Rf2 37. f8Q+ Rxf8 38. Kxf8 h5 39. Rxc2 g5 40. Rc5 g4 41. Rxh5 g3 42. Rg5 1-0

[Event "ROM-ch U12 Girls"]
[Site "Calimanesti"]
[Date "2013.04.05"]
[Round "5"]
[White "Secrieru, Maria Georgiana"]
[Black "Moldovan, Tania Cosmina"]
[Result "0-1"]
[WhiteElo "1001"]
[BlackElo "1177"]
[PlyCount "70"]
[EventDate "2013.04.02"]
[EventType "swiss"]
[EventRounds "9"]
[EventCountry "ROU"]
[SourceTitle "CBM 153 Extra"]
[Source "ChessBase"]
[SourceDate "2013.04.22"]
[SourceVersion "1"]
[SourceVersionDate "2013.04.22"]
[SourceQuality "1"]

1. e4 c5 2. Nf3 d6 3. Nc3 Nf6 4. Bc4 e6 5. e5 Ng4 6. exd6 Bxd6 7. h3 Nf6 8. 0-0 0-0 9. Re1 a6 10. a4 Nc6 11. d4 cxd4 12. Nxd4 Nxd4 13. Qxd4 Bh2+ 14. Kxh2 Qxd4 15. Ba2 Qd6+ 16. f4 Rb8 17. Rd1 Qc6 18. Be3 Ra8 19. Rd2 b6 20. Rad1 Bb7 21. Bb3 h6 22. Kg1 Kh7 23. Na2 Rad8 24. c3 Rxd2 25. Rxd2 a5 26. Bc2+ g6 27. Kf1 Ne4 28. Bxe4 Qxe4 29. Re2 Qb1+ 30. Nc1 Rd8 31. Ke1 Ba6 32. Rf2 Rd3 33. Bd2 Rxd2 34. Kxd2 Qxb2+ 35. Ke1 Qxc1# 0-1

[Event "ROM-ch U12 Girls"]
[Site "Calimanesti"]
[Date "2013.04.03"]
[Round "2"]
[White "Rohlicek, Anca Elena"]
[Black "Moldovan, Tania Cosmina"]
[Result "1-0"]
[WhiteElo "1364"]
[BlackElo "1177"]
[PlyCount "97"]
[EventDate "2013.04.02"]
[EventType "swiss"]
[EventRounds "9"]
[EventCountry "ROU"]
[SourceTitle "CBM 153 Extra"]
[Source "ChessBase"]
[SourceDate "2013.04.22"]
[SourceVersion "1"]
[SourceVersionDate "2013.04.22"]
[SourceQuality "1"]

1. e4 c5 2. Nf3 d6 3. d4 cxd4 4. Nxd4 Nf6 5. Nc3 a6 6. Be3 e5 7. Nf3 Be6 8. Be2 Be7 9. 0-0 0-0 10. Ng5 Bd7 11. Qd2 Bc6 12. Bd3 Ng4 13. Nf3 Nd7 14. h3 Nxe3 15. Qxe3 Nc5 16. Bc4 Bd7 17. Nd5 Bh4 18. Nxh4 Qxh4 19. Nb6 Rad8 20. Nxd7 Rxd7 21. Bd5 Kh8 22. a4 Ne6 23. Qg3 Qe7 24. Rad1 Nd4 25. Qd3 f5 26. c3 Ne6 27. exf5 Nf4 28. Qe4 Qg5 29. Qf3 Rxf5 30. g4 Rf8 31. Qe3 Qh4 32. Kh2 Rf6 33. Qg3 Qg5 34. Qe3 Rh6 35. Bg2 Qxg4 36. Rg1 Nxg2 37. Qg3 Qe4 38. f3 Qe2 39. Qxg2 Qc4 40. Qc2 Qe6 41. Rg3 Rf7 42. Qd3 Rf5 43. Re1 Qf6 44. Reg1 Rfh5 45. Kg2 Rg5 46. Kf2 Rxg3 47. Rxg3 Qh4 48. Qf5 Rf6 49. Qc8+ 1-0